000 00484nam a2200205Ia 4500
003 0100
008 130303s9999 xx 000 0 und d
040 _cARRUPELIB
050 _aBL2480.K54K54 1985
100 _aKihara, James
245 _aNgai, We belong to you
245 _bKenya's Kikuyu and Meru Prayers
260 _aEldoret
260 _bGaba Publications
260 _C1985
300 _a282p
440 _aSpearheard No. 89
650 _bPlato Phaedo
942 0 0 _01
999 _c23514
_d23514